00370nam a2200133Ia 4500008004100000041000800041082001100049100002400060245005000084260003500134300001300169650002800182700002600210260514s2025 xx 000 0 und d aeng bM-3792 aDR.PRASHANT PINGALE aMOLECULAR PHARMACEUTICS NANOTECH AND TARGETED aKINGDOMbWILEY SONS LTDc2025 aP.B./418 aMOLECULAR PHARMACEUTICS aDR.AMATJITSING RAJPUT